Mezinárodní účetní standardy k účtování o výzkumné a vývojové činnosti a k účtování o investicích.

Obsah, účtovanie a vykazovanie nákladov na výskum a vývoj. Vykazovanie a oceňovanie investícií. Vysporiadanie zmien v oceňovaní investícií. Predaj investícií. Prevody dlhodobých investícií na krátkodobé a naopak. Vykazovanie vo výkaze ziskov a strát. Účtovanie v špeciálnych investičných podnikoch.

Gespeichert in:
Bibliographische Detailangaben
1. Verfasser: Beneš, L.
Format: Buchkapitel
Sprache:Tschechisch
Schlagworte:
Tags: Tag hinzufügen
Keine Tags, Fügen Sie das erste Tag hinzu!

MARC

LEADER 00000naa a2200000 4500
001 r010669
005 20220831085420.3
041 0 |a cze 
044 |a [CS] 
245 1 0 |a Mezinárodní účetní standardy k účtování o výzkumné a vývojové činnosti a k účtování o investicích.  |c L. Beneš 
520 |a Obsah, účtovanie a vykazovanie nákladov na výskum a vývoj. Vykazovanie a oceňovanie investícií. Vysporiadanie zmien v oceňovaní investícií. Predaj investícií. Prevody dlhodobých investícií na krátkodobé a naopak. Vykazovanie vo výkaze ziskov a strát. Účtovanie v špeciálnych investičných podnikoch. 
610 2 0 |a účtovanie nákladov 
610 2 0 |a výskum 
610 2 0 |a vývoj 
610 2 0 |a normy 
610 2 0 |a štandardizácia 
610 2 0 |a svet 
610 2 0 |a ČSFR 
610 2 0 |a investície 
610 2 0 |a účtovanie 
610 2 0 |a výkazy účtovné 
100 1 |a Beneš, L.